000 00667nam a2200193Ii 4500
003 JO-AjNU
008 230605s9999||||xx |||||||||||||| ||und||
040 _aJO-AjNU
_bara
_erda
_cJO-AjNU
041 _aara
050 1 4 _aPC4721
100 3 _aصبري القزعة,فتحي تأليف ,
_eauthor
_914938
245 0 0 _aتعليم اللغة الإسبانية بدون معلم
264 3 1 _aد.م:دار البيت العتيق الاسلامية,د.ت
300 _a79ص
336 _atext
_btxt
_2rdacontent
337 _aunmediated
_bn
_2rdamedia
338 _avolume
_bnc
_2rdacarrier
650 4 _aاللغة-اللغة الاسبانية بدون معلم
_914939
999 _aA4103
_c7671
_d7671